Big box reuse

Bibliographic Details
Main Author: Christensen, Julia.
Corporate Author: ProQuest (Firm)
Format: Electronic eBook
Language:English
Published: Cambridge, Mass. : MIT Press, c2008.
Subjects:
Online Access:Click to View
LEADER 01847nam a2200397 a 4500
001 EBC3338958
003 MiAaPQ
005 20200520144314.0
006 m o d |
007 cr cn|||||||||
008 080213s2008 mauab sb 000 0 eng
010 |z  2008007043 
015 |a GBA898341  |2 bnb 
016 7 |z 014691284  |2 Uk 
020 |z 9780262033794 (hardcover : alk. paper) 
020 |z 0262033798 (hardcover : alk. paper) 
035 |a (MiAaPQ)EBC3338958 
035 |a (Au-PeEL)EBL3338958 
035 |a (CaPaEBR)ebr10256726 
035 |a (OCoLC)289011490 
040 |a MiAaPQ  |c MiAaPQ  |d MiAaPQ 
043 |a n-us--- 
050 4 |a NA6227.D45  |b C46 2008 
082 0 4 |a 725/.21  |2 22 
100 1 |a Christensen, Julia. 
245 1 0 |a Big box reuse  |h [electronic resource] /  |c Julia Christensen. 
260 |a Cambridge, Mass. :  |b MIT Press,  |c c2008. 
300 |a viii, 231 p. :  |b ill. (chiefly col.), col. maps. 
504 |a Includes bibliographical references (p. 229-231). 
505 0 |a Acknowledgments -- Introduction -- Center -- The Nelson County Justice Center -- The RPM Indoor Raceway -- Centralia Senior Resource Center -- Network -- The Charter School -- The Head Start Early Childhood Center -- Design -- The Spam Museum -- The Lebanon-Laclede County Library -- The Calvary Chapel -- Future -- The St. Bernard Medical Center -- The Peddler's Mall -- Notes. 
533 |a Electronic reproduction. Ann Arbor, MI : ProQuest, 2015. Available via World Wide Web. Access may be limited to ProQuest affiliated libraries. 
650 0 |a Department stores  |x Remodeling for other use  |z United States. 
650 0 |a Stores, Retail  |x Remodeling for other use  |z United States. 
655 4 |a Electronic books. 
710 2 |a ProQuest (Firm) 
856 4 0 |u https://ebookcentral.proquest.com/lib/matrademy/detail.action?docID=3338958  |z Click to View